(Record no. 187925)
[ view plain ]
| 000 -CABECERA | |
|---|---|
| campo de control de longitud fija | 01463nam a2200253Ia 4500 |
| 001 - NÚMERO DE CONTROL | |
| campo de control | IA_Al final se llegó a la conclusión de que el palenque solo utiliza el 27.2% de su capacidad instalada y que presenta zonas de alto riesgo de incendios, así como áreas donde falta aplicar las buenas prácticas de manufactura. Para dar alternativas de solución a los problemas encontrados, se realizaron diagramas de recorrido, señalización de rutas de evacuación, cronogramas analíticos y una calendarización de producción para el año 2019. |
| 008 - DATOS DE LONGITUD FIJA--INFORMACIÓN GENERAL | |
| campo de control de longitud fija | 220117s xx 000 0 und d |
| 010 ## - NÚMERO DE CONTROL DE LA BIBLIOTECA DEL CONGRESO | |
| Número de control de LC | 187925 |
| 530 ## - NOTA DE FORMATO FÍSICO ADICIONAL DISPONIBLE | |
| Nota de formato físico adicional disponible | Disponible en PDF |
| 583 ## - NOTA DE ACCIÓN | |
| Acción | 1ej. Impreso ; 2 ej. CD |
| 650 ## - PUNTO DE ACCESO ADICIONAL DE MATERIA--TÉRMINO DE MATERIA | |
| Término de materia o nombre geográfico como elemento de entrada | Alcoholes etílicos |
| Subdivisión general | Calidad del producto |
| 9 (RLIN) | 163450 |
| 650 ## - PUNTO DE ACCESO ADICIONAL DE MATERIA--TÉRMINO DE MATERIA | |
| Término de materia o nombre geográfico como elemento de entrada | Alcoholes etílicos |
| Subdivisión general | Propiedades fisicoquímicas |
| 9 (RLIN) | 163451 |
| 650 ## - PUNTO DE ACCESO ADICIONAL DE MATERIA--TÉRMINO DE MATERIA | |
| Término de materia o nombre geográfico como elemento de entrada | Alcoholes etílicos |
| Subdivisión general | Propiedades sensoriales |
| 9 (RLIN) | 163452 |
| 650 ## - PUNTO DE ACCESO ADICIONAL DE MATERIA--TÉRMINO DE MATERIA | |
| Término de materia o nombre geográfico como elemento de entrada | Distilled spirits |
| Subdivisión general | Physicochemical properties |
| 9 (RLIN) | 163453 |
| 650 ## - PUNTO DE ACCESO ADICIONAL DE MATERIA--TÉRMINO DE MATERIA | |
| Término de materia o nombre geográfico como elemento de entrada | Distilled spirits |
| Subdivisión general | Product quality |
| 9 (RLIN) | 163454 |
| 650 ## - PUNTO DE ACCESO ADICIONAL DE MATERIA--TÉRMINO DE MATERIA | |
| Término de materia o nombre geográfico como elemento de entrada | Distilled spirits |
| Subdivisión general | Sensory properties |
| 9 (RLIN) | 163455 |
| 650 #0 - PUNTO DE ACCESO ADICIONAL DE MATERIA--TÉRMINO DE MATERIA | |
| Término de materia o nombre geográfico como elemento de entrada | Mezcal |
| Subdivisión geográfica | México |
| -- | Oaxaca |
| 9 (RLIN) | 152647 |
| 700 ## - PUNTO DE ACCESO ADICIONAL--NOMBRE DE PERSONA | |
| Nombre de persona | Espejel Zaragoza, José Alfredo, asesor |
| 9 (RLIN) | 163665 |
| 700 1# - PUNTO DE ACCESO ADICIONAL--NOMBRE DE PERSONA | |
| Nombre de persona | Reyna Izaguirre, Diana América |
| 9 (RLIN) | 147338 |
| 700 ## - PUNTO DE ACCESO ADICIONAL--NOMBRE DE PERSONA | |
| Nombre de persona | Szymanski Duque, Rosa Guadalupe, asesor |
| 9 (RLIN) | 163701 |
| 942 ## - ELEMENTOS DE PUNTO DE ACCESO ADICIONAL (KOHA) | |
| Tipo de ítem Koha | |
No items available.
